Zrcadlo vzpomínek /

Hlavní autor: Mikulášková, Věra, 1928-2020
Jazyk: Čeština
Vydáno: Brno : Šimon Ryšavý, 2009
Témata:
Fyzický popis: 159 s. : portréty ; 22 cm
Knihy
Uloženo v:
LEADER 01625nam a2200433 a 4500
001 nkc20102114329
003 CZ PrNK
005 20100813083430.0
007 ta
008 100629s2009 xr c e 000 0acze
015 |a cnb002114329 
020 |a 978-80-7354-077-7  |q (váz.)  |z 978-80-7354-077-0 
035 |a (OCoLC)664091837 
040 |a BOA001  |b cze  |d ABA001 
043 |a e-xr--- 
045 |a x-y- 
072 7 |a 929  |x Biografie  |2 Konspekt  |9 8 
080 |a 82-92-055.2  |2 MRF 
080 |a 929  |2 MRF 
080 |a (437.3)  |2 MRF 
080 |a (0:82-94)  |2 MRF 
100 1 |a Mikulášková, Věra,  |d 1928-2020  |7 jo2009480347  |4 aut 
245 1 0 |a Zrcadlo vzpomínek /  |c Věra Mikulášková 
260 |a Brno :  |b Šimon Ryšavý,  |c 2009 
300 |a 159 s. :  |b portréty ;  |c 22 cm 
600 1 7 |a Mikulášková, Věra,  |d 1928-2020  |7 jo2009480347  |2 czenas 
648 7 |a 20.-21. století  |7 ch462155  |2 czenas 
650 0 7 |a publicistky  |7 ph202175  |z Česko  |y 20.-21. století  |2 czenas 
650 0 7 |a osobnosti  |7 ph115615  |z Česko  |y 20.-21. století  |2 czenas 
650 0 9 |a women publicists  |z Czechia  |y 20th-21st centuries  |2 eczenas 
650 0 9 |a celebrities  |z Czechia  |y 20th-21st centuries  |2 eczenas 
655 7 |a autobiografické vzpomínky  |7 fd131854  |2 czenas 
655 9 |a autobiographical reminiscences  |2 eczenas 
910 2 |a BOA001  |b 2-1245.594 
990 |a BK 
995 |a 01 
991 |b 201008  |c NOV  |j 929 MIK  |e n 
996 6 |b 2610443301  |c 2-1245.594  |l MZK  |r Sklad / do 1 hodiny  |n 24  |p p.v.  |w 001132423  |u 000010  |a 1  |e BOA001  |j MZK50  |s P 
996 7 |b 2610443302  |c 2-1245.594  |l Vol.výběr  |r VV 1p  |n 19  |p p.v.  |h 929 MIK  |w 001132423  |u 000020  |a 0  |e BOA001  |j MZK50  |s A